<?xml version="1.0" encoding="UTF-8"?><?xml-stylesheet type="text/xsl" href="static/style.xsl"?><OAI-PMH xmlns="http://www.openarchives.org/OAI/2.0/" xmlns:xsi="http://www.w3.org/2001/XMLSchema-instance" xsi:schemaLocation="http://www.openarchives.org/OAI/2.0/ http://www.openarchives.org/OAI/2.0/OAI-PMH.xsd"><responseDate>2026-05-17T18:40:56Z</responseDate><request verb="GetRecord" identifier="oai:recam.amb.cat:20.500.14439/1552" metadataPrefix="marc">https://recam.amb.cat/rest/oai/request</request><GetRecord><record><header><identifier>oai:recam.amb.cat:20.500.14439/1552</identifier><datestamp>2025-04-14T07:27:48Z</datestamp><setSpec>com_20.500.14439_127</setSpec><setSpec>col_20.500.14439_146</setSpec></header><metadata><record xmlns="http://www.loc.gov/MARC21/slim" xmlns:dcterms="http://purl.org/dc/terms/" xmlns:xsi="http://www.w3.org/2001/XMLSchema-instance" xmlns:doc="http://www.lyncode.com/xoai" xsi:schemaLocation="http://www.loc.gov/MARC21/slim http://www.loc.gov/standards/marcxml/schema/MARC21slim.xsd">
   <leader>00925njm 22002777a 4500</leader>
   <datafield ind2=" " ind1=" " tag="042">
      <subfield code="a">dc</subfield>
   </datafield>
   <datafield ind2=" " ind1=" " tag="720">
      <subfield code="a">Entitat Metropolitana de Serveis Hidràulics i Tractament de Residus</subfield>
      <subfield code="e">author</subfield>
   </datafield>
   <datafield ind2=" " ind1=" " tag="260">
      <subfield code="c">2009-11-01</subfield>
   </datafield>
   <datafield ind2=" " ind1=" " tag="520">
      <subfield code="a">Una característica de la nostra societat és la facilitat pel consum de tot tipus de productes que  comporta la generació de molts residus. Un bon mecanisme de prevenció és la celebració de mercats d'intercanvi on no es ven ni es compra res, només s'intercanvien articles sense diners. La proposta que presentem persegueix recuperar l'intercanvi d'objectes que no fem servir per d'altres que ens són necessaris i que hauríem d'adquirir de nou, allargant-ne la vida útil, deixant de banda el monetarisme i el consumisme en ocasions compulsius. L'AMB pretén així ajudar a prevenir la generació de residus i a minimitzar l'impacte ambiental que produeixen en el medi natural, patrimoni de tots.Aquesta publicació  és la 5à de la col·lecció  de guies per a la prevenció de residus.</subfield>
   </datafield>
   <datafield ind1="8" ind2=" " tag="024">
      <subfield code="a">https://hdl.handle.net/20.500.14439/1552</subfield>
   </datafield>
   <datafield ind1="8" ind2=" " tag="024">
      <subfield code="a">444233</subfield>
   </datafield>
   <datafield ind1="8" ind2=" " tag="024">
      <subfield code="a">B 42529-09</subfield>
   </datafield>
   <datafield tag="653" ind2=" " ind1=" ">
      <subfield code="a">Mercats</subfield>
   </datafield>
   <datafield tag="653" ind2=" " ind1=" ">
      <subfield code="a">Residus</subfield>
   </datafield>
   <datafield tag="653" ind2=" " ind1=" ">
      <subfield code="a">Reciclatge (Residus, etc.)</subfield>
   </datafield>
   <datafield ind2="0" ind1="0" tag="245">
      <subfield code="a">Samarretes per xancletes: Idees per dinamitzar mercats d'intercanvi</subfield>
   </datafield>
</record></metadata></record></GetRecord></OAI-PMH>